000 00342nam a2200145Ia 4500
008 090124s9999 xx 000 0 und d
082 _b135076
245 _a फुलवा
250 _a1
260 _bपाटील दशरथ
_c2007
300 _a249
630 _a फुलवा
730 _a फुलवा
942 _cBOOK
999 _c199949
_d199949